Mechanisms of soil stabilization : proceedings of a Colloquium convened by the Soil Mechanics Section, CSIRO, at Syndal, Victoria, 6th-8th April, 1964.

Gardado en:
Detalles Bibliográficos
Corporate Authors: Colloquium on Mechanisms of Soil Stabilization Syndal, Vic., CSIRO. Soil Mechanics Section
Formato: Conference Proceeding Libro
Idioma:English
Publicado: Melbourne : CSIRO, [1964?].
Subjects:
LEADER 01265cam a2200301 a 4500
001 c000224267
003 CARM
005 20061009103214.0
008 790302s1964 vraa b f100 0 eng
010 |a 78324565 
019 1 |a 1379575  |z 8759165  |z 10166352  |z 45108778  |5 LACONCORD2021 
035 |a (OCoLC)4808834  |5 LACONCORD2021 
040 |a LC  |b eng  |c LC  |d LC 
042 |a anuc 
050 0 0 |a TA710  |b .C58 1964 
082 0 4 |a 624.15 
111 2 |a Colloquium on Mechanisms of Soil Stabilization  |d (1964 :  |c Syndal, Vic.) 
245 1 0 |a Mechanisms of soil stabilization :  |b proceedings of a Colloquium convened by the Soil Mechanics Section, CSIRO, at Syndal, Victoria, 6th-8th April, 1964. 
260 |a Melbourne :  |b CSIRO,  |c [1964?]. 
300 |a 1 v. (various pagings) :  |b ill. ;  |c 24 cm. 
500 |a "Colloquium on Mechanisms of Soil Stabilization" --Pref. 
504 |a Includes bibliographies. 
650 0 |a Soil mechanics  |v Congresses. 
650 0 |a Soil stabilization  |v Congresses. 
710 2 |a CSIRO.  |b Soil Mechanics Section 
852 8 |b CARM  |h A2:AN06G0  |i C08358  |p 0314753  |f BK 
999 f f |i c8e43607-7d0b-5b71-8c93-d868f06c9e37  |s 33d1c0f4-4f4e-5969-b43e-c6d2fc075a5b 
952 f f |p Can circulate  |a CAVAL  |b CAVAL  |c CAVAL  |d CARM 1 Store  |e C08358  |f A2:AN06G0  |h Other scheme  |i book  |m 0314753